Analogies - Géographie #3 - Statistiques

Statistiques générales
  • Ce quiz a été pris 17 967 fois
    15 760 depuis la dernière actualisation
  • Le résultat moyen est 10 sur 20
Statistiques - réponses
L'un est à l'autre Ce que ... % Correct
Le Népal est à l'Himalaya Andorre est aux {Pyrénées}
86%
New York est aux Nations unies {Bruxelles} est à l'Union Européenne
85%
Pays du soleil levant est au Japon L'Empire du milieu est à la {Chine}
84%
Monaco est au prince Dubaï est à l'{émir}
82%
Les Aztèques sont au Mexique Les {Incas} sont au Pérou
75%
La ville des lumières est à Paris La ville éternelle est à {Rome}
63%
Caspienne est à l'Azerbaïdjan {Noire} est à l'Ukraine
60%
München est à Köln Munich est à {Cologne}
57%
Le coq est à la France Le {taureau} est à l'Espagne
51%
Le Nicaragua est au Costa Rica La {Libye} est au Tchad
48%
Le numéro 75 est à Paris Le numéro 30 est au {Gard}
44%
Dar es Salam est à la Tanzanie {Abidjan} est à la Côte d'Ivoire
41%
Le Louvre est à Paris Le {British} {Museum} est à Londres
39%
Le Borscht est à l'Ukraine Le goulash est à la {Hongrie}
39%
Arras est au Pas de Calais {Avignon} est au Vaucluse
35%
Le Somaliland est à la Somalie La Transnitrie est à la {Moldavie}
35%
Chelsea est à Londres La Real Sociedad est à {Saint}-{Sébastien}
33%
All Blacks est à la Nouvelle-Zélande Les {Pumas} sont à l'Argentine
32%
La Dominique est à la Guadeloupe {Sainte}-{Lucie} est à la Martinique
32%
La lire est à l'Italie La {peseta} est à l'Espagne
23%
Aucun quiz correspondant
Distribution des résultats
% des personnes avec chaque résultat
Percentile par nombre de réponses
Votre historique - résultats
Vous n’avez pas pris ce quiz depuis la dernière actualisation